| 000 | 00479nam a22001817a 4500 | ||
|---|---|---|---|
| 005 | 20250326151948.0 | ||
| 008 | 250326b |||||||| |||| 00| 0 eng d | ||
| 020 |
_a9788195539215 _c599.00 |
||
| 040 | _aMAIN | ||
| 041 | _aEnglish | ||
| 082 |
_a195 _bPAI |
||
| 100 |
_aPaik, Shailaja _925457 |
||
| 245 |
_aVulgarity of Caste _b: Dalits Sexuality And Humanity in Modern India |
||
| 260 |
_aNew Delhi _bNavayana _c2024 |
||
| 300 | _a400 | ||
| 650 | _aCommunication | ||
| 942 | _cBK | ||
| 999 |
_c59544 _d59544 |
||